| 000 | 00521nam a2200193Ia 4500 | ||
|---|---|---|---|
| 003 | IN-BaIIA | ||
| 008 | 211028s9999 xx 000 0 eng d | ||
| 020 | _a0-8284-0237-X | ||
| 040 | _cIIA Library | ||
| 080 |
_a538.3 _bHEA-I |
||
| 100 |
_aHeaviside, Oliver _97344 |
||
| 245 | 0 |
_aElectromagnetic theory _bvol. 1 _cOliver Heaviside |
|
| 260 |
_aNew York _bChelsea _c1971 |
||
| 300 | _axxxiv, 504p. | ||
| 650 |
_aElectromagnetic fields _92908 |
||
| 650 |
_aElectromagnetism _9540 |
||
| 650 | _aNASA Thesaurus | ||
| 942 | _cBK | ||
| 999 |
_c4176 _d4176 |
||